Testbank to accompany essentials of maternity nursing : Family-centred care/ (Record no. 113874)

MARC details
000 -LEADER
fixed length control field 00681nam a2200229 a 4500
008 - FIXED-LENGTH DATA ELEMENTS--GENERAL INFORMATION
fixed length control field
020 ## - INTERNATIONAL STANDARD BOOK NUMBER
International Standard Book Number 0397572255 (pbk.)
049 ## - LOCAL HOLDINGS (OCLC)
Holding library MAIN
090 ## - LOCALLY ASSIGNED LC-TYPE CALL NUMBER (OCLC); LOCAL CALL NUMBER (RLIN)
Classification number (OCLC) (R) ; Classification number, CALL (RLIN) (NR) RG951
003 - CONTROL NUMBER IDENTIFIER
control field
005 - DATE AND TIME OF LATEST TRANSACTION
control field 20230120203922.0
040 ## - CATALOGING SOURCE
Transcribing agency NUST
100 1# - MAIN ENTRY--PERSONAL NAME
Personal name Martin, Leonide L.
245 10 - TITLE STATEMENT
Title Testbank to accompany essentials of maternity nursing : Family-centred care/
Statement of responsibility, etc. Leonide L. MArtin ; Sharon J. Reeder.
260 ## - PUBLICATION, DISTRIBUTION, ETC.
Place of publication, distribution, etc. New York, :
Name of publisher, distributor, etc. Lippincott,
Date of publication, distribution, etc. c1991.
300 ## - PHYSICAL DESCRIPTION
Extent 1st ed.
300 ## - PHYSICAL DESCRIPTION
Extent vii,159 p. :
Dimensions 28 cm.
650 #1 - SUBJECT ADDED ENTRY--TOPICAL TERM
Topical term or geographic name entry element Maternity Nursing.
700 ## - ADDED ENTRY--PERSONAL NAME
Personal name Reeder, Sharon J.
907 ## - LOCAL DATA ELEMENT G, LDG (RLIN)
a .b1019177x
b 29-01-14
c 10-02-06
942 ## - ADDED ENTRY ELEMENTS (KOHA)
Koha item type Ordinary Loan Books
Call number prefix RG951
Holdings
Date last seen Total Checkouts Full call number Barcode Accession number Cost, replacement price Price effective from Koha item type Public note Lost status Source of classification or shelving scheme Damaged status Not for loan Collection Withdrawn status Home library Current library Shelving location Date acquired Source of acquisition Cost, normal purchase price
01/20/2023   QP44 PFL 92004000784 16170 30.00 05/16/2023 BOOKS Donation   LCC     NFIC   Medical Medical GEN 05/16/2023 Book Aid International 30.00